Skip to content
VuFind
Login
All Fields
Title
Author
Subject
Call Number
ISBN/ISSN
Tag
Find
Advanced
Bhavantharaya
Cite this
Text this
Email this
Print
Export Record
Export to RefWorks
Export to EndNoteWeb
Export to EndNote
Export to MARC
Export to BibTeX
Export to RIS
Save to List
Permanent link
Bhavantharaya
Saved in:
Bibliographic Details
Main Author:
Perera, Tennyson
Format:
Book
Published:
Colombo
Godage
2009, 2010
Subjects:
Sinhalese fiction
Tags:
Add Tag
No Tags, Be the first to tag this record!
Holdings
Description
Comments
Similar Items
Staff View
MARC
LEADER
00000nam a2200000 a 4500
020
|a
9789553021243
082
|a
891.483
100
|a
Perera, Tennyson
245
|a
Bhavantharaya
260
|a
Colombo
|b
Godage
|c
2009, 2010
300
|a
456p. ; 21cm.
653
|a
Sinhalese fiction
942
|c
AFW
999
|c
47956
|d
47956
Similar Items
Kelani nadiya gala basi
by: Perera, Tennyson
Published: (2009)
Mama chakravarthi
by: Perera, Tennyson
Published: (2007)
Mama vesmaru karagena
by: Perera, Tennyson
Published: (2001)
Vira bime kalabaganiya
by: Perera, Tennyson
Published: (2010)
Navakathavak liyanne keseda?
by: Perera, Tennyson
Published: (2005)